000 01250cam a22003497a 4500
003 CHAP
005 20220329134742.0
008 971013d1976 us r 00110 eng d
010 _a25294
011 _a26266
035 _a30366
040 _cCHAP
082 0 4 _a631.7016
_bI5
110 2 _aInstituto Internacional de Rescate y Mejoramiento Técnico de Tierras
_959234
245 1 0 _aLand and water development
260 _aWageningen :
_bInstituto Internacional de Rescate y Mejoramiento Técnico de Tierras,
_c1976-
300 _a96 p.
500 _aLa biblioteca tiene : v.11; v.12
590 _aBATCH-UPD
_b10
_c20130110
_lUCH01
_h0042
590 _aBATCH-UPD
_b10
_c20130110
_lUCH01
_h2249
590 _aBATCH-UPD
_b10
_c20130409
_lUCH01
_h2027
590 _aBATCH-UPD
_b10
_c20130410
_lUCH01
_h1542
590 _aBATCH-UPD
_b10
_c20130914
_lUCH01
_h1223
590 _aCONVERSION
_b10
_c20130109
_lUCH01
_h1315
650 1 4 _aDrenaje
_xBibliografía.
_934192
650 1 4 _aIrrigación
_xBibliografía.
_960379
650 1 4 _aSuelos
_xBibliografía.
_9110217
901 _aBK
942 _cLIBRO
949 _a631.7016 I5
_bBC
_cC
_d33724000647343
_eC
_fv.12
_h73682
_i30366
_mD
_si
949 _a631.7016 I5
_bBC
_cC
_d33724000716775
_eC
_fv.11
_h94651
_i30366
_mD
_sb
999 _c25294
_d25294